• 首页
  • 本馆介绍
  • 公告通知
  • 最新文献
  • 馆藏检索
  • 电子资源
  • 读者导购
  • 参考咨询
  • 我的图书馆
  • 登录
  • 详细信息显示
  • 放入我的书架
  • 预约/预借图书
  • 作者相关作品
  • 分类相关作品
  • 丛书相关作品
  • 出版社相关作品

书目信息

  • 表格格式
  • 工作单格式
  • 卡片格式
题名:
黑格尔《逻辑学》开篇
    
 
作者: 霍尔盖特 著 ;刘一 译
分册:  
出版信息: 北京   中国人民大学出版社  2021
页数: 520页
开本: 23cm
丛书名: 德国古典哲学研究译丛
单 册:
中图分类: B516.35 , B811.01
科图分类:
主题词:
电子资源:
ISBN: 978-7-300-29027-0
000 02446oam2 2200337 450
001 012024000131
005 20241025222313.0
010    @a978-7-300-29027-0@b精装@dCNY128.00
100    @a20241025d2021 em y0chiy50 ea
101 1  @achi@ceng
102    @aCN@b110000
105    @ay az 001yy
106    @ar
200 1  @a黑格尔《逻辑学》开篇@AHei Ge Er Luo Ji Xue Kai Pian@e从存在到无限性@f(英) 斯蒂芬·霍尔盖特著@d= The opening of Hegel's logic@efrom being to infinity@fStephen Houlgate@g刘一译@zeng
210    @a北京@c中国人民大学出版社@d2021
215    @a520页@d23cm
225 2  @a德国古典哲学研究译丛@ADe Guo Gu Dian Zhe Xue Yan Jiu Yi Cong
300    @a守望者
314    @a斯蒂芬·霍尔盖特(1954—),哲学家,英国华威大学哲学教授,以研究黑格尔、海德格尔和德里达等人的思想著名。代表性著作有:《黑格尔、尼采和对形而上学的批判》(1986)、《黑格尔导论:自由、真理与历史》(2005)、《黑格尔〈逻辑学〉开篇:从存在到无限性》(2006)、《黑格尔的〈精神现象学〉:一部读者指南》(2013)。主编并参与编辑:《黑格尔与自然哲学》(1998)、《黑格尔读者》(1998)、《黑格尔与艺术》(2007)、《黑格尔法哲学原理》(2008)、《黑格尔指南》(2011)。
320    @a有书目(第493-500页)和索引
330    @a本书是二十一世纪解读黑格尔《逻辑学》的一部经典著作。作者斯蒂芬·霍尔盖特将《逻辑学》视为黑格尔哲学中最为晦涩难懂的文本,称之为“一部牢牢封闭的书卷”。为了向读者打开这本书,作者从近代康德哲学的问题焦点入手,采取开放性的态度,对一个多世纪以来黑格尔研究、特别是《逻辑学》研究的各种进路、各家观点进行了彻底的批判,对《逻辑学》由以产生的各种语言的、历史的、宗教的“解释学的前提”做了充分的说明,并且准确地定位了黑格尔的“逻辑学”和其“现象学”之间的关系。作者认为,应当把《逻辑学》视为一种揭示了思想之基本范畴和存在之基本结构的“无前提的思维”,放置在西方哲学传统本体论问题发展的广阔脉络之中。为了引发对黑格尔《逻辑学》更广泛的关注和兴趣,作者还典范式地对该书的开篇章节——从“存在”到“无限性”范畴——做了鞭辟入里的文本评注和内容解读,其旁征博引、纵横捭阖丝毫不下于该书其他部分。
410  0 @12001 @a德国古典哲学研究译丛
510 1  @aOpening of Hegel's logic@efrom being to infinity@zeng
517 1  @a从存在到无限性@ACong Cun Zai Dao Wu Xian Xing
600  1 @a黑格尔@AHei Ge Er@g(Hegel, Georg Wilhelm Friedrich),@f1770-1831@x逻辑学
690    @aB516.35@v5
690    @aB811.01@v5
701  1 @a霍尔盖特@AHuo Er Gai Te@g(Houlgate, Stephen@f1954-)@4著
702  0 @a刘一@ALiu Yi@4译
801  0 @aCN@bAHXH@c20241025
905    @b214157507@b214157491@b214157482@f3@dB516.35@e250
    
    黑格尔《逻辑学》开篇:从存在到无限性/(英) 斯蒂芬·霍尔盖特著= The opening of Hegel's logic:from being to infinity/Stephen Houlgate/刘一译.-北京:中国人民大学出版社,2021
    520页;23cm.-(德国古典哲学研究译丛)
    守望者
    
    ISBN 978-7-300-29027-0(精装):CNY128.00
    本书是二十一世纪解读黑格尔《逻辑学》的一部经典著作。作者斯蒂芬·霍尔盖特将《逻辑学》视为黑格尔哲学中最为晦涩难懂的文本,称之为“一部牢牢封闭的书卷”。为了向读者打开这本书,作者从近代康德哲学的问题焦点入手,采取开放性的态度,对一个多世纪以来黑格尔研究、特别是《逻辑学》研究的各种进路、各家观点进行了彻底的批判,对《逻辑学》由以产生的各种语言的、历史的、宗教的“解释学的前提”做了充分的说明,并且准确地定位了黑格尔的“逻辑学”和其“现象学”之间的关系。作者认为,应当把《逻辑学》视为一种揭示了思想之基本范畴和存在之基本结构的“无前提的思维”,放置在西方哲学传统本体论问题发展的广阔脉络之中。为了引发对黑格尔《逻辑学》更广泛的关注和兴趣,作者还典范式地对该书的开篇章节——从“存在”到“无限性”范畴——做了鞭辟入里的文本评注和内容解读,其旁征博引、纵横捭阖丝毫不下于该书其他部分。
●
相关链接 在E读中查询图书 在五车中查询图书 在当当中查询图书 在豆瓣中查询图书


正题名:黑格尔《逻辑学》开篇     索取号:B516.35/250         预约/预借

序号 登录号 条形码 馆藏地/架位号 状态 备注
1 1415748   214157482   第一样本阅览室/ [索取号:B516.35/250] 在馆    
2 1415749   214157491   第一借阅区/ [索取号:B516.35/250] 在馆    
3 1415750   214157507   第一借阅区/ [索取号:B516.35/250] 在馆    
唐山师范学院图书馆 欢迎您!
大连网信软件有限公司© 版权所有